Ai Communications

Gespeichert in:
Bibliographische Detailangaben
Format: Schriftenreihe
Veröffentlicht: 1992
Tags: Tag hinzufügen
Keine Tags, Fügen Sie das erste Tag hinzu!

MARC

LEADER 00000nas a22000003a 4500
001 stu72271
005 20141121231659.8
008 011106s1992----------------------------d
040 |a STU  |b slo 
041 0
245 |a Ai Communications 
260 |c 1992 
500 |a 4 
500 |a 2-4 /CH: 1 
773 0 |t Ai Communications  |w stu_us_cat*stu72266  |7 nnas 
996 |d Vol. 5, 1992  |v Vol. 5  |y 1992  |l EE0103  |s A  |a 24  |w stu72271_0001